LEADER 02486nam 2200505 450 001 9910148631103321 005 20230803214432.0 010 $a1-63459-110-0 035 $a(CKB)3710000000921484 035 $a(MiAaPQ)EBC5244987 035 $a(EXLCZ)993710000000921484 100 $a20141107h20142014 uy| 0 101 0 $aeng 135 $aurcnu|||||||| 181 $2rdacontent 182 $2rdamedia 183 $2rdacarrier 200 10$aCorporate finance /$fby Jeffrey J. Haas Professor of Law, New York Law School 210 1$aSt. Paul, Minnesota :$cWest Academic Publishing,$d[2014] 210 4$d©2014 215 $a1 online resource (523 pages) $cillustrations 225 1 $aHornbook series 311 $a0-314-28964-X 320 $aIncludes bibliographical references and index. 327 $aPart 1. Valuing the going-concern -- Distinctions between publicly-traded and privately-held companies -- Working with financial statements -- Time value of money -- Future value and present value -- Bond valuation -- Valuing companies -- Efficient capital market hypothesis (ECMH) -- Valuation in the courtroom -- Part 2. Risk and return -- Measures of risk -- Derivative instruments -- Part 3. Claimants on the enterprise -- Debt holders -- Preferred stockholders -- Convertible security holders -- Common stockholders -- Part 4. Mergers and acquisitions -- Fundamental concepts -- Federal law aspects -- State law aspects -- Exhibit I. Future value and present value factor tables -- Exhibit II. Problems involving future and present value. 410 0$aHornbook series. 606 $aCorporations$xFinance$xLaw and legislation$zUnited States 606 $aSecurities$zUnited States 606 $aCorporations$xValuation$xLaw and legislation$zUnited States 606 $aStockholders$xLegal status, laws, etc$zUnited States 606 $aConsolidation and merger of corporations$xLaw and legislation$zUnited States 615 0$aCorporations$xFinance$xLaw and legislation 615 0$aSecurities 615 0$aCorporations$xValuation$xLaw and legislation 615 0$aStockholders$xLegal status, laws, etc. 615 0$aConsolidation and merger of corporations$xLaw and legislation 700 $aHaas$b Jeffrey J.$0326787 701 $aHaas$b Jeffrey J$0326787 801 0$bMiAaPQ 801 1$bMiAaPQ 801 2$bMiAaPQ 906 $aBOOK 912 $a9910148631103321 996 $aCorporate finance$92894290 997 $aUNINA LEADER 03219nam 22007455 450 001 9910254300403321 005 20250408104057.0 010 $a3-319-65331-8 024 7 $a10.1007/978-3-319-65331-0 035 $a(CKB)4100000000586898 035 $a(DE-He213)978-3-319-65331-0 035 $a(MiAaPQ)EBC5057656 035 $a(PPN)204534887 035 $a(EXLCZ)994100000000586898 100 $a20170923d2017 u| 0 101 0 $aeng 135 $aurnn#008mamaa 181 $ctxt$2rdacontent 182 $cc$2rdamedia 183 $acr$2rdacarrier 200 10$aAnalysing Inequalities in Germany $eA Structured Additive Distributional Regression Approach /$fby Alexander Silbersdorff 205 $a1st ed. 2017. 210 1$aCham :$cSpringer International Publishing :$cImprint: Springer,$d2017. 215 $a1 online resource (X, 98 p. 20 illus., 18 illus. in color.) 225 1 $aSpringerBriefs in Statistics,$x2191-5458 311 08$a3-319-65330-X 320 $aIncludes bibliographical references at the end of each chapters and index. 327 $aPreface -- Introduction.- Inequality and Earnings Distributions -- Estimating and Assessing Distributional Regression -- The Distributional Perspective and Labour Markets -- Applications of SADR in Economics -- Conclusion -- Index. 330 $aThis book seeks new perspectives on the growing inequalities that our societies face, putting forward Structured Additive Distributional Regression as a means of statistical analysis that circumvents the common problem of analytical reduction to simple point estimators. This new approach allows the observed discrepancy between the individuals? realities and the abstract representation of those realities to be explicitly taken into consideration using the arithmetic mean alone. In turn, the method is applied to the question of economic inequality in Germany. 410 0$aSpringerBriefs in Statistics,$x2191-5458 606 $aStatistics 606 $aEconometrics 606 $aLabor economics 606 $aStatistics 606 $aSocial structure 606 $aEquality 606 $aMedical economics 606 $aStatistics in Business, Management, Economics, Finance, Insurance 606 $aQuantitative Economics 606 $aLabor Economics 606 $aStatistical Theory and Methods 606 $aSocial Structure 606 $aHealth Economics 615 0$aStatistics. 615 0$aEconometrics. 615 0$aLabor economics. 615 0$aStatistics. 615 0$aSocial structure. 615 0$aEquality. 615 0$aMedical economics. 615 14$aStatistics in Business, Management, Economics, Finance, Insurance. 615 24$aQuantitative Economics. 615 24$aLabor Economics. 615 24$aStatistical Theory and Methods. 615 24$aSocial Structure. 615 24$aHealth Economics. 676 $a339.20943 700 $aSilbersdorff$b Alexander$4aut$4http://id.loc.gov/vocabulary/relators/aut$0767477 801 0$bMiAaPQ 801 1$bMiAaPQ 801 2$bMiAaPQ 906 $aBOOK 912 $a9910254300403321 996 $aAnalysing Inequalities in Germany$91562492 997 $aUNINA